000 00771nam a2200265Ia 4500
003 OSt
005 20221005035118.0
006 a|||||r|||| 00| 0
007 ta
008 221004b |||||||| |||| 00| 0 eng d
020 _c350
024 _a4246
037 _b8557, 25/03/2013, Bookwell Publications
_cTextual
040 _aCRL
_cCRL
_beng
041 _2eng
_aeng
082 _aQ70bX7, P4
100 _aPeerzade Sayed Afzal
245 0 _aIslamic public finance and policy
260 _aDelhi
_bIdarah i Adabiyat i Delli India
_c2004
300 _a282p.
_ccm.
490 _aIAD oriental; 37
650 _aRELIGION
942 _hQ70bX7, P4
_cTEXL
_2cc
999 _c944593
_d944593